LEADER 01049nam0-22002771i-450- 001 990001672630403321 005 20050525151541.0 035 $a000167263 035 $aFED01000167263 035 $a(Aleph)000167263FED01 035 $a000167263 100 $a20030910d1902----km-y0itay50------ba 101 0 $aita 200 1 $aAllegato n. 1 alla relazione della Sotto-Commissione incaricata dalla Commissione Censuaria Centrale di esaminare le tariffe d'estimo della provincia di Reggio Emilia$fMinistero delle Finanze 210 $aRoma$cCalzone-Villa$d1902 215 $a129 p.$d30 cm 610 0 $aImposte fondiarie 676 $a336.22 710 02$aItalia.$bMinistero delle finanze$0356818 801 0$aIT$bUNINA$gRICA$2UNIMARC 901 $aBK 912 $a990001672630403321 952 $a60 336.22 A 31$b18254$fFAGBC 959 $aFAGBC 996 $aAllegato n. 1 alla relazione della Sotto-Commissione incaricata dalla Commissione Censuaria Centrale di esaminare le tariffe d'estimo della provincia di Reggio Emilia$9370845 997 $aUNINA LEADER 01050nam--2200385---450- 001 990001196950203316 005 20031015144535.0 010 $a88-251-7158-7 035 $a000119695 035 $aUSA01000119695 035 $a(ALEPH)000119695USA01 035 $a000119695 100 $a20031015d1996----km-y0itay0103----ba 101 0 $aita 102 $aIT 105 $a||||||||001yy 200 1 $aManuale di topografia moderna$fGiorgio Bezoari, Attilio Selvini 210 $aMilano$cCittāStudi$d1996 215 $a486 p.$d24 cm 410 0$12001 454 1$12001 461 1$1001-------$12001 606 0 $aTopografia$xManuali 676 $a711.42 700 1$aBEZOARI,$bGiorgio$09015 701 1$aSELVINI,$bAttilio$09016 801 0$aIT$bsalbc$gISBD 912 $a990001196950203316 951 $a711.42 BEZ$b9216 Ing$c711.42 959 $aBK 969 $aTEC 979 $aSIAV5$b10$c20031015$lUSA01$h1445 979 $aPATRY$b90$c20040406$lUSA01$h1726 996 $aManuale di topografia moderna$9718635 997 $aUNISA